Gares sur la ligne d'Arras à Dunkerque - Statistiques

Statistiques générales
  • Ce quiz a été pris 33 fois
  • Le résultat moyen est 12 sur 32
Statistiques - réponses
Embranchement Département Gare % Correct
0 Pas-de-Calais (62) Arras
97%
0 Nord (59) Dunkerque
94%
0 (62) Lens
87%
0 (59) Hazebrouck
77%
0 (62) Béthune
68%
0 (62) Avion
55%
0 (62) Liévin
55%
0 (59) Bergues
52%
0 (59) Arnèke
48%
0 Nord (59) Coudekerque-Branche
48%
0 (62) Noeux-les-Mines
48%
0 (62) Vimy
48%
0 (59) Cassel
45%
0 (62) Lillers
42%
0 (62) Bully - Grenay
39%
0 (59) Esquelbecq
35%
0 Pas-de-Calais (62) Isbergues
35%
0 (62) Farbus
26%
0 (62) Mazingarbe
23%
0 (62) Loos-en-Gohelle
19%
1 Nord (59) Gravelines
16%
0 (62) Ham-en-Artois
16%
1 (59) Bourbourg
13%
0 Nord (59) Thiennes
13%
0 (62) Bailleul-Sire-Berthoult
10%
1 Pas-de-Calais (62) Calais-Ville
10%
0 (62) Chocques
10%
0 (62) Fouquereuil
10%
1 Pas-de-Calais (62) Beau-Marais
6%
1 (62) Les Fontinettes
6%
1 (59) Grande-Scynthe
3%
0 (59) Steenbecques
3%
Aucun quiz correspondant
Distribution des résultats
% des personnes avec chaque résultat
Percentile par nombre de réponses
Votre historique - résultats
Vous n’avez pas pris ce quiz